Late Babylonian texts in the Nies Babylonian Collection / (Record no. 45610)
[ view plain ]
| 000 -LEADER | |
|---|---|
| fixed length control field | 00967cam a2200265 a 4500 |
| 001 - CONTROL NUMBER | |
| control field | 1123220 |
| 005 - DATE AND TIME OF LATEST TRANSACTION | |
| control field | 20190227143457.0 |
| 008 - FIXED-LENGTH DATA ELEMENTS--GENERAL INFORMATION | |
| fixed length control field | 940126s1994 mdu b 001 0 eng |
| 010 ## - LIBRARY OF CONGRESS CONTROL NUMBER | |
| LC control number | 94005455 |
| 020 ## - INTERNATIONAL STANDARD BOOK NUMBER | |
| International Standard Book Number | 1883053048 |
| 040 ## - CATALOGING SOURCE | |
| Original cataloging agency | DLC |
| Transcribing agency | DLC |
| Modifying agency | DLC |
| 110 2# - MAIN ENTRY--CORPORATE NAME | |
| Corporate name or jurisdiction name as entry element | Nies Babylonian Collection (Yale University) |
| 245 10 - TITLE STATEMENT | |
| Title | Late Babylonian texts in the Nies Babylonian Collection / |
| Statement of responsibility, etc | Paul-Alain Beaulieu ; preface by William W. Hallo ; edited by Ulla Kasten. |
| 260 ## - PUBLICATION, DISTRIBUTION, ETC. (IMPRINT) | |
| Place of publication, distribution, etc | Bethesda, MD : |
| Name of publisher, distributor, etc | CDL Press, |
| Date of publication, distribution, etc | c1994. |
| 300 ## - PHYSICAL DESCRIPTION | |
| Extent | xi, 91 p. ; |
| Dimensions | 29 cm. |
| 336 ## - CONTENT TYPE | |
| Content Type Term | text |
| 337 ## - MEDIA TYPE | |
| Media Type Term | unmediated |
| 338 ## - CARRIER TYPE | |
| Carrier Type Term | volume |
| 440 #0 - SERIES STATEMENT/ADDED ENTRY--TITLE | |
| Title | Catalogue of the Babylonian Collections at Yale ; |
| Volume number/sequential designation | 1 |
| 504 ## - BIBLIOGRAPHY, ETC. NOTE | |
| Bibliography, etc | Includes bibliographical references and indexes. |
| 700 1# - ADDED ENTRY--PERSONAL NAME | |
| Personal name | Beaulieu, Paul-Alain. |
| 700 1# - ADDED ENTRY--PERSONAL NAME | |
| Personal name | Kasten, Ulla. |
| 942 ## - ADDED ENTRY ELEMENTS (KOHA) | |
| Source of classification or shelving scheme | Library of Congress Classification |
| Item type | Books |
| Withdrawn status | Lost status | Source of classification or shelving scheme | Damaged status | Not for loan | Home library | Current library | Shelving location | Date acquired | Source of acquisition | Inventory number | Total Checkouts | Full call number | Barcode | Date last seen | Price effective from | Koha item type | Copy number |
|---|---|---|---|---|---|---|---|---|---|---|---|---|---|---|---|---|---|
| Library of Congress Classification | BSOP Library | BSOP Library | David Weisberg Collection | 02/27/2019 | Donated by Dr. David and Oprah Weisberg | 45447 | PJ3711 B32 1994 | 00056447 | 02/27/2019 | 02/27/2019 | Books | ||||||
| Library of Congress Classification | BSOP Library | BSOP Library | David Weisberg Collection | 03/05/2019 | Donated by Dr. David and Oprah Weisberg | 45753 | PJ3711 B32 1994 | 00056753 | 03/05/2019 | 03/05/2019 | Books | c.2 |
